000 00837nam a2200265Ia 4500
001 dia_3376
003 CHAP
005 20251023153728.0
008 220117s1976 xx 000 0 und d
010 _a173843
040 _cCHAP
082 _aC 338.1 E53 1976
110 _aE. N. A. Departamento de Industrias Agrícolas
_9147432
245 _aInforme Anual de Actividades 1976 /
_c por Departamento de Industrias Agrícolas
260 _aMéxico :
_b E. N. A.,
_c1976
300 _a54 p.
500 _aLos ejemplares 2 y 3 fueron donados
503 _aC/e
650 _aEducación agrícola
_xMéxico
_9137279
650 _aIndustrias agrícolas
_xEstudio y enseñanza
_957947
901 _aC 338.1 E53 1976
902 _aM
905 _a0000001976 MX n 0000000000SPA00
942 _cLIBRO
_2ddc
999 _c173843
_d173843